Statystyki dla Polskie piosenki militarne po pierwszych słowach

Kliknij tutaj aby rozwiązać quiz!

Ogólne statystyki

  • Ten quiz został rozwiązany 146 razy
  • Średni wynik to 9 z 26

Statystyki odpowiedzi

CytatTytuł% Poprawnych
Nie rzucim ziemi skąd nasz ród, nie damy pogrześć mowyRota
93%
Jeszcze Polska nie zginęła kiedy my żyjemyMazurek Dąbrowskiego
89%
Bogurodzica! Dziewica, Bogiem sławniennaBogurodzica
88%
Nie noszą lampasów, lecz szary ich strójSzara piechota
69%
Wojenko, wojenko cóżeś ty za pani Że ku tobie idą chłopcy malowani?Wojenko wojenko
60%
Przybyli ułani pod okienko, pukają wołają wpuść panienkoPrzybyli ułani pod okienko
55%
Rozkwitały pąki białych róż, wróć Jasieńku jak za dawnych latRozkwitały pąki białych róż
52%
Gdzieś tam z nad czarnej wody wsiada na koń kozak młodyHej sokoły
50%
Kalina Malina w lesie rozkwitałaKalina Malina
36%
Bij bolszewika w każdej go postaciBij bolszewika
31%
Raduje się serce, raduje się duszaPierwsza kadrowa
31%
Z młodej piersi się wyrwało, w wielkim bólu i rozterceSerce w plecaku
31%
Ciężkie czasy legionera, raz, dwa, trzy!Ciężkie czasy legionera
26%
Czy widzisz te gruzy na szczycie? Tam wróg twój się ukrył jak szczórCzerwone maki na Monte Cassino
21%
Więc pijmy zdrowie szwoleżerowieSzwoleżerowie
21%
Nie masz nad żołnierza, dzielniejszego człekaNie masz nad żołnierza
20%
W stepie szerokim, którego okiem nawet sokolim, nie zmierzyszW stepie szerokim
19%
Z głębi dziejów, z krain mrocznychŻeby Polska była Polską
17%
Nie ma takiej wioski, nie ma takiej chatki, gdzie by nie kochały ułana mężatkiHej hej ułani
12%
Był już krwawy Bierut, i krwawy GomułkaNie chcemy komuny
12%
Z miast kresowych wschodnich osad i wsiHymn Sybiraków
11%
To nic że długi jest marsz, słońce osuszy twarzRóża i bez
11%
Lotnik - skrzydlaty władca świata bez granic Ze śmierci drwiMarsz lotników
7%
Chcecie bym wam zaśpiewał, nutą serca rozgrzewałIdźmy bijmy Moskali
6%
Szum husarskich skrzydeł jeszcze w pieśniach drży Pamięć bitew, wielu zwycięstwMarsz Wojsk Lądowych
4%
Pierwsza dywizja polska i pancerna, na polach Francji poszła w krwawy bójPierwsza Pancerna
4%

Rozkład punktacji

Percentyl według liczby udzielonych odpowiedzi

Procent ludzi z każdym wynikiem

Twoja historia wyników

Nie rozwiązałeś tego quizu